000 00486nam a2200193 a 4500
001 1756797513681
003 ACL
005 20250902125023.0
008 250902s2003##################000#0#eng##
020 _a9783822816127
082 0 4 _a779.994
_bGAU
100 1 _aGautrand, Jean-Claude,
_eauthor.
245 1 0 _aRobert Doisneau, 1912-1994 :
260 _bTaschen America Llc,
_c2003.
300 _a191 pages
650 0 _aPhotography.
942 _cENGLISH
040 _aACL
_beng
_cACL
999 _c585027
_d585027